00442nam a2200133Ia 4500008004100000100001400041245009700055245006700152260002500219260000900244300002400253650001600277650001500293170224s9999 xx 000 0 und d aAnne Daly aUsing Group Work to Develop Intercultural Skills in the Accounting Curriculum in Australia  cAnne Daly, Simon Hoy, Mark Hughes, Jesmin Islam & Anita S. Mak bAccounting Education c2015 a24:1, Pages: 27-40  xAccountancy xAccounting